Language Quiz

Random Language Quiz

Words Ending in iss Quiz Stats

 Plays Quiz not verified by Sporcle

Challenge
Share
Tweet
Embed
Score 0/12 Timer 03:00
0 Plays Today
Clue Word % Correct
Of or relating to SwitzerlandSwiss
100%
The contact of one's lips with another's lips or faceKiss
90.5%
An unmarried young woman title or to yearn for someone/somethingMiss
85.7%
Perfect happiness; great joyBliss
81%
The sound a snake makesHiss
81%
Slang for urine or urinatePiss
81%
Order or allow to leave; send awayDismiss
76.2%
not quite right; inappropriate or out of placeAmiss
76.2%
The Hunger Games trilogy protagonist heroine; ______ EverdeenKatniss
76.2%
Alps and Carpathians flower and Christopher Plummer's song in The Sound of MusicEdelweiss
47.6%
Jurassic Park II (The Lost World) American actor, _____ HowardArliss
33.3%
The Pretender TV series American actor Michael T. ...Weiss
28.6%

You're not logged in!

Compare scores with friends on all Sporcle quizzes.
Join for Free
OR
Log In

You Might Also Like...

Show Comments

Extras

Created Jun 1, 2016ReportNominate
Tags:ending, iss

Top Quizzes Today


Score Distribution

Your Account Isn't Verified!

In order to create a playlist on Sporcle, you need to verify the email address you used during registration. Go to your Sporcle Settings to finish the process.

Report this User

Report this user for behavior that violates our Community Guidelines.

Details: